000 02608nam a2200265 4500
001 113844
003 DR-UNIBE
005 20250708133501.0
008 250708b2016 dr ||||| |||| 00| 0 spa d
040 _aBIBLIOTECA UNIBE
_bspa
_cBIBLIOTECA UNIBE
_erda
041 _aspa
082 _222
_aRD 371.26 R457o
100 1 0 _aReyes Ramírez, Betty
_9196752
_eautor
245 1 0 _aOrientaciones para la evaluación formativa desde las estrategias curriculares de enseñanza-aprendizaje /
_cBetty Reyes Ramírez
260 _a Santo Domingo :
_bMinisterio de Educación, (MINERD),
_c2016
300 _a114 páginas :
_b gráficas, fotos ;
_c27 x 21 cm
490 _aEvaluación de competencias en la educación primaria ;
_v3
505 _aIntroducción | Evaluación formativa de las competencias desde las estrategias de enseñanza aprendizaje | Las estrategias de enseñanza aprendizaje en el currículo dominicano | La Evaluación formativa de las competencias de las y los estudiantes | Orientaciones para la evaluación desde las estrategias de enseñanza aprendizaje | Estrategias de recuperación de experiencias y saberes previos | Casos prácticos recuperación de experiencias previas | Reflexionando la estrategia de recuperación de conocimientos y experiencias previas | Estrategias expositivas de conocimientos elaborados y/o acumulados | Estrategias de descubrimiento e indagación | Casos prácticos estrategias de descubrimiento e indagación | Estrategias de inserción de maestras, maestros y alumnado en el entorno | Casos prácticos estrategias de maestras, maestros y alumnado en el entorno | Reflexionando las estrategias de maestras, maestros y alumnado en el entorno | Estrategias de socialización centradas en actividades grupales | Casos prácticos estrategias de socialización centradas en actividades grupales | Reflexionando las estrategias de socialización centradas en actividades grupales | Estrategia de indagación dialógica o cuestionamiento | Casos prácticos de indagación dialógica o cuestionamiento | Reflexionando la estrategia de indagación dialógica o cuestionamiento | Aprendizaje basado en problemas | Reflexionando la estrategia de Aprendizaje basado en problemas | Aprendizaje basado en proyectos | Referencias
650 7 _2lemb
_a Evaluación de competencias
_9197118
650 _2lemb
_aEstrategias curriculares
_9197119
650 _2lemb
_aEducación primaria
700 1 0 _aCeballos Díaz, Rita Ma.
_9196846
_ecoordinador
700 1 0 _aMontás D´Oleo, Bertha Marcily
_9196779
_ediseñador
_ediagramador
942 _2ddc
_cBK
999 _c113844
_d113844